LEADER 01668oam 2200421Ia 450 001 9910690630803321 005 20040819094019.0 035 $a(CKB)5470000002340007 035 $a(OCoLC)41876851 035 9 $aocm41876851 035 $a(OCoLC)995470000002340007 035 $a(EXLCZ)995470000002340007 100 $a19990714d1999 ua 0 101 0 $aeng 135 $aurcn|||||| 181 $ctxt$2rdacontent 182 $cc$2rdamedia 183 $acr$2rdacarrier 200 10$aContaminant distribution and accumulation in sediments of Long Island Sound$b[electronic resource] $einitial results : the impact of human activity in Long Island Sound /$fEllen L. Mecray, Marilyn Buchholtz ten Brink 210 1$a[Reston, Va.] :$cU.S. Dept. of the Interior, U.S. Geological Survey,$d[1999] 225 1 $aUSGS fact sheet ;$v113-99 300 $aTitle from title screen (viewed on August 19, 2004). 517 $aContaminant distribution and accumulation in sediments of Long Island Sound 606 $aContaminated sediments$zLong Island Sound (N.Y. and Conn.) 606 $aEnvironmental degradation$xResearch$zLong Island Sound (N.Y. and Conn.) 615 0$aContaminated sediments 615 0$aEnvironmental degradation$xResearch 700 $aMecray$b Ellen L$g(Ellen Livingston)$01381634 701 $aBuchholtz ten Brink$b M. R$g(Marilyn R.)$01381635 712 02$aGeological Survey (U.S.) 801 0$bGIS 801 1$bGIS 801 2$bOCLCQ 801 2$bGPO 906 $aBOOK 912 $a9910690630803321 996 $aContaminant distribution and accumulation in sediments of Long Island Sound$93432386 997 $aUNINA